Top 20 Most Famous Baseball Players - Statistics

General Stats
  • This quiz has been taken 595 times
    587 since last reset
  • The average score is 9 of 20
Answer Stats
% Player % Correct
99 Babe Ruth
99%
94 Barry Bonds
77%
93 Hank Aaron
66%
70 Willie Mays
62%
51 Lou Gehrig
55%
74 Tommy John
54%
75 Ty Cobb
54%
72 Ted Williams
52%
73 Randy Johnson
51%
77 Nolan Ryan
44%
70 Alex Rodriguez
43%
69 Roger Clemens
42%
87 Sammy Sosa
42%
80 Pete Rose
41%
88 Mark McGwire
37%
60 Greg Maddux
32%
69 Rickey Henderson
24%
63 Mariano Rivera
21%
58 Tony Gwynn
13%
66 Roger Maris
12%
No matching quizzes found
Score Distribution
Percent of People with Each Score
Percentile by Number Answered
Your Score History
You have not taken this quiz since the last reset